000 00653nam a22002417a 4500
003 UA-OsUOA
001 34326
007 ta
008 20050927b un ||||| |||| 00| 0 ukr d
100 _aЙокаї Мор
090 _a821.511.141
_bИ99
942 _cBK
040 _aUA-OsUOA
_bukr
_cUA-OsUOA
_dUA-OsUOA
245 _aСини людини з кам'яним серцем
_bроман
300 _a486 с.
955 _a3
041 _aukr
080 _a821.511.141
020 _a5-308-00198-7
260 _aК.
_bДніпро
_c1988
650 7 _a82 Література. Літературознавство
_2UDC
999 _c320767
_d320767